00349nam a2200109Ia 4500008004100000082001900041100001600060245004400076942000600120952010000126999001300226240331s9999 xx 000 0 und d a294.30954bHIK aHikosaka, S 0aBuddhism in Tamilnadu a new perspective cL 001040708LaWERCLbWERCLcSSCd2024-03-31l0o 294.30954 HIKp609r2024-03-31w2024-03-31yL c929d929